Wired for success. (Record no. 61039)

MARC details
000 -LEADER
fixed length control field 00921cam a2200241 4500
001 - CONTROL NUMBER
control field ABS61303
008 - FIXED-LENGTH DATA ELEMENTS--GENERAL INFORMATION
fixed length control field 000000n1999 000 0 eng u
035 ## - SYSTEM CONTROL NUMBER
System control number (Sirsi) u101941
100 ## - MAIN ENTRY--PERSONAL NAME
Personal name Ledgerwood, G.
245 ## - TITLE STATEMENT
Title Wired for success.
260 ## - PUBLICATION, DISTRIBUTION, ETC.
Date of publication, distribution, etc. 1999
490 ## - SERIES STATEMENT
Series statement Housing Today
Volume/sequential designation (150) 9 September 1999, 20(1)
520 ## - SUMMARY, ETC.
Summary, etc. Introduces the idea of Enterprise Televillages as part of a regeneration strategy. These link the telecottage idea to business resource centres and provision of low cost housing, attempting to integrate entrepreneurship and social housing with a telecommunications support system. Currently there are two in England, in Crickhowell and Newcastle.
650 ## - SUBJECT ADDED ENTRY--TOPICAL TERM
Topical term or geographic name entry element TELECOTTAGES
650 ## - SUBJECT ADDED ENTRY--TOPICAL TERM
Topical term or geographic name entry element TELEVILLAGES
650 ## - SUBJECT ADDED ENTRY--TOPICAL TERM
Topical term or geographic name entry element REGENERATION
650 ## - SUBJECT ADDED ENTRY--TOPICAL TERM
Topical term or geographic name entry element NEWCASTLE
650 ## - SUBJECT ADDED ENTRY--TOPICAL TERM
Topical term or geographic name entry element NORTH WALES
650 ## - SUBJECT ADDED ENTRY--TOPICAL TERM
Topical term or geographic name entry element SOCIAL HOUSING
690 ## - LOCAL SUBJECT ADDED ENTRY--TOPICAL TERM (OCLC, RLIN)
Topical term or geographic name as entry element URBAN RENEWAL
700 ## - ADDED ENTRY--PERSONAL NAME
Personal name Paterson, A.
942 ## - ADDED ENTRY ELEMENTS (KOHA)
Suppress in OPAC 0
Holdings
Withdrawn status Lost status Source of classification or shelving scheme Damaged status Not for loan Home library Current library Shelving location Date acquired Total Checkouts Full call number Barcode Date last seen Copy number Price effective from Koha item type
    Dewey Decimal Classification     London London Journal article 12/11/1999   ABS61303 101941-1001 06/08/2019 1 06/08/2019 Journal article